000 00626nam a2200229Ia 4500
003 OSt
005 20220928111000.0
006 a|||||r|||| 00| 0
007 ta
008 220927b |||||||| |||| 00| 0 eng d
024 _a41395
037 _cTextual
040 _aSDCL
_cSDCL
_beng
041 _2eng
_aeng
082 _aO152,1I83:g, M1
100 _aSingh Tribhuvan
_9421150
245 0 _aSoor
_bSandarbh aur samiksha.
260 _aVaranasi
_bTulsi Shodh Sansthan
_c1981
300 _a558p.+114p.
_ccm.
942 _hO152,1I83:g, M1
_cTEXL
_2CC
999 _c737418
_d737418